Statistics for 2020 Summer Olympics Medal Table - IOC Rankings

Click here to take the quiz!

General Stats

  • This quiz has been taken 39 times
  • The average score is 17 of 21

Answer Stats

GoldSilverBronzeMedalsCountry% Correct
394133113United States
97%
76821Brazil
95%
761124Canada
95%
38321888China
95%
10111637Germany
95%
27141758Japan
95%
20282371Russian Olympic Committee
95%
10121133France
92%
22212265Great Britain
92%
1772246Australia
89%
10102040Italy
89%
10121436Netherlands
84%
45514Poland
84%
76720New Zealand
81%
641020South Korea
81%
4228Norway
76%
67720Hungary
70%
44311Czech Republic
57%
44210Kenya
54%
4149Jamaica
51%
73515Cuba
49%

Score Distribution

Percentile by Number Answered

Percent of People with Each Score

Your Score History

You have not taken this quiz